000 00270nam a22001217a 4500
008 170204b xxu||||| |||| 00| 0 ALB d
041 _aalb
080 _a61
100 _a3
101 _ashm
245 _aHIGJIENA DHE EDUKATA SHENDETSORE
_cSAVICEVIC, M
942 _2udc
_cBK
999 _c4555
_d4555